Proposition for a New Classification of Hypersensitivity Reactions – an Expanded Nomenclature

Diseases associated with hypersensitivity reactions (HRs) are extremely common and can affect the quality of life of millions of people, sometimes with life-threatening severity. In order to diagnose, treat, cure, or potentially prevent these diseases, clinicians and scientists need a better underst...

Teljes leírás

Elmentve itt :
Bibliográfiai részletek
Szerzők: Szegedi Andrea
Pichler Werner J.
Kapitány Anikó
Csörgő Sándorné Bata Zsuzsanna
Koncz Gábor
Bácsi Attila
Dokumentumtípus: Cikk
Megjelent: 2026
Sorozat:CLINICAL REVIEWS IN ALLERGY & IMMUNOLOGY 69 No. 1
Tárgyszavak:
doi:10.1007/s12016-026-09143-9

mtmt:36989069
Online Access:http://publicatio.bibl.u-szeged.hu/40238
LEADER 02813nab a2200277 i 4500
001 publ40238
005 20260529094637.0
008 260529s2026 hu o 000 eng d
022 |a 1080-0549 
024 7 |a 10.1007/s12016-026-09143-9  |2 doi 
024 7 |a 36989069  |2 mtmt 
040 |a SZTE Publicatio Repozitórium  |b hun 
041 |a eng 
100 1 |a Szegedi Andrea 
245 1 0 |a Proposition for a New Classification of Hypersensitivity Reactions – an Expanded Nomenclature  |h [elektronikus dokumentum] /  |c  Szegedi Andrea 
260 |c 2026 
300 |a 14 
490 0 |a CLINICAL REVIEWS IN ALLERGY & IMMUNOLOGY  |v 69 No. 1 
520 3 |a Diseases associated with hypersensitivity reactions (HRs) are extremely common and can affect the quality of life of millions of people, sometimes with life-threatening severity. In order to diagnose, treat, cure, or potentially prevent these diseases, clinicians and scientists need a better understanding of the entire immune process, from its initiation through the central mechanism to the effector phase. A new classification is needed, primarily because earlier classifications defined HRs almost exclusively by their effector mechanisms. However, outstanding achievements in immunological science over the past decades have revealed the critical, decision-making roles of initiation and central mechanisms in shaping the well-known effector phases. In addition, a crucially important group of HRs consists of small-molecule drug-induced reactions, which include both immunological and non-immunological pharmacological processes; therefore, the incorporation of these entities represents a key aspect of the revised classification. This review article provides a historical overview of the evolution of the main HR classifications, and proposes a new, expanded classification that (a) considers the initiation, central, and effector phases of HRs as interconnected, equally important processes; (b) highlights the role of peripheral barrier tissues in the breakdown of tolerance, thereby contributing to the development of HRs, and (c) distinguishes between classic and non-classic HRs (e.g., pharmacological interaction with immune receptors [p-i] reactions and pseudoallergies). Adoption of this new classification may expand the possibilities for developing preventive and causal therapies and help physicians appropriately interpret and thus effectively treat the heterogeneous phenotypes of hypersensitivity diseases. 
650 4 |a Klinikai orvostan 
700 0 1 |a Pichler Werner J.  |e aut 
700 0 1 |a Kapitány Anikó  |e aut 
700 0 2 |a Csörgő Sándorné Bata Zsuzsanna  |e aut 
700 0 2 |a Koncz Gábor  |e aut 
700 0 2 |a Bácsi Attila  |e aut 
856 4 0 |u http://publicatio.bibl.u-szeged.hu/40238/1/SzegediA.Propositionforanew_of_2026_ClinRev.pdf  |z Dokumentum-elérés